Влияние соединений триазинового ряда и некоторых производных гуанидина на катодное выделение металлов: автореферат диссертации на соискание ученой степени кандидата химических наук; спец. 02.00.05

Manylion Llyfryddiaeth
Prif Awdur: Никулина Н. П. Нина Павловна
Awdur Corfforaethol: Днепропетровский химико-технологический институт (ДХТИ)
Awduron Eraill: Лошкарев М. А. (научный руководитель)
Crynodeb:Защита сост. 2.11.1979 г.
Iaith:Rwseg
Cyhoeddwyd: Днепропетровск, [Б. и.], 1979
Pynciau:
Fformat: Llyfr
KOHA link:https://koha.lib.tpu.ru/cgi-bin/koha/opac-detail.pl?biblionumber=336359

MARC

LEADER 00000nam0a2200000 4500
001 336359
005 20231101031651.0
035 |a (RuTPU)RU\TPU\book\362775 
090 |a 336359 
100 |a 20171012d1979 k y0rusy50 ca 
101 0 |a rus 
102 |a UA 
105 |a y dm 001zy 
200 1 |a Влияние соединений триазинового ряда и некоторых производных гуанидина на катодное выделение металлов  |e автореферат диссертации на соискание ученой степени кандидата химических наук  |e спец. 02.00.05  |f Н. П. Никулина  |g Днепропетровский химико-технологический институт (ДХТИ) ; науч. рук. М. А. Лошкарев 
210 |a Днепропетровск  |c [Б. и.]  |d 1979 
215 |a 16 с. 
300 |a Защита сост. 2.11.1979 г. 
320 |a Библиогр.: с. 16 (8 назв.) 
606 1 |a Металлы  |x Электрохимия  |2 stltpush  |3 (RuTPU)RU\TPU\subj\43192 
610 1 |a электрохимические исследования 
610 1 |a электродные процессы 
610 1 |a поляризация 
610 1 |a адсорбционные свойства 
610 1 |a триазины 
610 1 |a гуанидин 
610 1 |a гуанидин 
610 1 |a кинетика 
610 1 |a катодное выделение 
610 1 |a электрокристаллизация 
610 1 |a авторефераты диссертаций 
610 1 |a библиотека А. Г. Стромберга 
675 |a 669:541.1(04)  |v 4 
686 |a 02.00.05  |2 oksvnk 
700 1 |a Никулина  |b Н. П.  |g Нина Павловна 
702 1 |a Лошкарев  |b М. А.  |4 727 
712 0 2 |a Днепропетровский химико-технологический институт (ДХТИ)  |c (1930-1993)  |2 stltpush  |3 (RuTPU)RU\TPU\col\11452 
801 1 |a RU  |b 63413507  |c 20171012 
801 2 |a RU  |b 63413507  |c 20180202  |g RCR 
942 |c BK